[Event "Bicaz City Cup 2020"]
[Site "Bicaz"]
[Date "2020.03.08"]
[Round "6.4"]
[White "Baltag, Iulian"]
[Black "Vilcu, Matei-Stefan"]
[Result "1-0"]
[WhiteElo "2391"]
[BlackElo "2037"]
[Annotator "TA"]
[PlyCount "73"]
[EventDate "2020.03.05"]
[EventType "swiss"]
[EventCountry "ROU"]
[SourceTitle "playchess.com"]
[Source "ChessBase"]
[SourceQuality "1"]

{[%evp 15,73,22,37,22,32,-30,29,25,30,25,15,10,16,19,53,0,0,0,0,-32,-24,-26,0,-14,-6,-15,-1,-12,-20,-10,0,0,0,0,0,0,0,0,0,0,12,25,14,18,208,206,199,208,198,202,200,198,283,255,307,309,474,474,486,437]} 1. d4 Nf6 2. c4 g6 3. Nc3 Bg7 4. Bg5 d6 5. e3 O-O 6. Be2 Nbd7 7. Nf3 e5 8. dxe5 dxe5 9. Qc2 {E61: King's Indian: Early deviations for White, including Smyslov System.} c6 {[#]} 10. Bh4 $146 (10. O-O $14) ({Predecessor:} 10. O-O Qc7 11. Nd2 a5 12. a3 h6 13. Bh4 Nh7 14. b4 f5 15. f3 axb4 16. axb4 Rxa1 17. Rxa1 Qb6 18. c5 Qxb4 {1-0 (53) Chirila,I (2536)-Paikidze,N (2372) Saint Louis 2017}) 10... Qe7 (10... Nc5 $142) 11. O-O $11 {White has an edge.} a5 12. Nd2 Nc5 13. Nb3 Bf5 14. e4 {Black must now prevent Nxc5.} Be6 15. f3 (15. Nxc5 $14 Qxc5 16. Rfd1) 15... a4 16. Nxc5 Qxc5+ {[%mdl 64] [#] Double Attack} 17. Bf2 Qa5 18. Rfd1 Rfe8 19. Rab1 Bf8 20. Kh1 Nd7 21. b3 axb3 22. axb3 Bb4 23. Nd5 cxd5 24. cxd5 Rec8 25. Qd3 Nf8 {...Bd7 is the strong threat.} 26. dxe6 Nxe6 27. Bf1 Nf4 28. Qd7 Rc7 29. Qa4 {White wants to play Bb6!} Rac8 $2 {Loses the game.} (29... Rc2 $11 30. Bb6 Qxa4 31. bxa4 Bc5) 30. Qxa5 $18 Bxa5 31. b4 {[%cal Bb3b4,Bb4a5,Ba5a6,Ba6a7][%mdl 32]} Rc2 32. bxa5 {[%mdl 64] [#] Discovered Attack} Rxf2 33. Rxb7 Ne6 (33... Ra2 {was worth a try.} 34. a6 Rcc2) 34. a6 Nc5 35. Kg1 Ra2 (35... Rc2 $142 36. Re7 Kf8) 36. Rc1 Ra5 37. a7 {Accuracy: White = 83%, Black = 60%.} 1-0

[Event "Bicaz City Cup 2020"]
[Site "Bicaz"]
[Date "2020.03.08"]
[Round "6.5"]
[White "Danilov, Vladimir"]
[Black "Prisacaru, Stefan-Emilian"]
[Result "1-0"]
[WhiteElo "2388"]
[BlackElo "1953"]
[Annotator "TA"]
[PlyCount "59"]
[EventDate "2020.03.05"]
[EventType "swiss"]
[EventCountry "ROU"]
[SourceTitle "playchess.com"]
[Source "ChessBase"]
[SourceQuality "1"]

{[%evp 31,59,36,64,27,28,28,37,39,41,51,107,106,114,98,375,69,87,76,378,370,378,378,1223,37,1201,1117,29997,29998,29998,29999]} 1. d4 Nf6 2. c4 e6 3. Nc3 c5 4. d5 exd5 5. cxd5 d6 6. e4 g6 7. Nf3 Bg7 8. Bd3 O-O 9. h3 b5 10. Bxb5 Nxe4 11. Nxe4 Qa5+ 12. Nfd2 Qxb5 13. Nxd6 Qa6 14. N2c4 Nd7 15. O-O Nb6 16. Nxb6 axb6 17. Nxc8 {A70: Modern Benoni: 6 e4 g6 7 Nf3.} Rfxc8 18. d6 Rd8 19. Qd5 {White is slightly better.} b5 {[#]} 20. Rd1 $146 ({Predecessor:} 20. Bf4 Bxb2 21. Qxc5 Ba3 22. Qg5 Bxd6 23. Rad1 Qa3 24. Rfe1 Rd7 25. Qxb5 Rad8 26. Re8+ {1-0 (48) D'Israel,D (2240)-Nery Junior,J (1986) Sao Paulo 2009}) 20... Bd4 ({Black should try} 20... c4 $14) 21. Rxd4 $16 cxd4 22. Bf4 Qb6 $2 {[%mdl 8192] [#]} (22... Qc8 $16) 23. Rd1 $2 (23. Re1 $1 $18 {[%cal Re1e7]} Qa5 24. Re7 Qxa2 25. Qxd4) 23... b4 $1 $14 24. Rxd4 {And now Bg5 would win.} Rxa2 $2 {[%mdl 8192]} (24... Qa5 $16) 25. Bg5 $18 Rd7 {Hoping for ...Ra5.} 26. Qe5 {Threatening mate with Bh6.} Ra5 $2 ({Not} 26... Ra1+ 27. Kh2 $18) (26... h5 27. Rd1 (27. Bh6 f6 $16) 27... Qc6) 27. Qe8+ $40 {[%mdl 192] Double Attack. White attacks.} Kg7 {[#]} 28. Be7 $1 {[%csl Ge7][%cal Re8f8]} ({Weaker is} 28. Bf6+ Kxf6 29. Rf4+ Kg5 $11) 28... h6 29. Qf8+ Kh7 30. Qxf7+ {Accuracy: White = 75%, Black = 36%.} 1-0

[Event "Bicaz City Cup 2020"]
[Site "Bicaz"]
[Date "2020.03.08"]
[Round "6.6"]
[White "Bejan, Sergiu"]
[Black "Dobre, Claudiu-Cristian"]
[Result "0-1"]
[WhiteElo "1915"]
[BlackElo "2312"]
[Annotator "ChessBase"]
[PlyCount "92"]
[EventDate "2020.03.05"]
[EventType "swiss"]
[EventCountry "ROU"]
[SourceTitle "playchess.com"]
[Source "ChessBase"]
[SourceQuality "1"]
[TimeControl "5400+30"]

1. d4 {[%emt 0:00:00]} f5 {[%emt 0:00:00]} 2. c4 {[%emt 0:00:07]} Nf6 {[%emt 0:00:00]} 3. Nc3 {[%emt 0:00:17]} d6 {[%emt 0:00:00]} 4. Bg5 {[%emt 0:00:37]} Nbd7 {[%emt 0:00:16]} 5. Qc2 {[%emt 0:00:36]} g6 {[%emt 0:02:22]} 6. Nf3 {[%emt 0:01:36]} Bg7 {[%emt 0:00:35]} 7. O-O-O {[%emt 0:08:03]} c6 {[%emt 0:06:11]} 8. Bxf6 {[%emt 0:04:34]} Nxf6 {[%emt 0:00:43]} 9. e3 {[%emt 0:00:38]} a6 {[%emt 0:02:59]} 10. Bd3 {[%emt 0:05:26]} b5 {[%emt 0:01:57]} 11. h4 {[%emt 0:06:37]} O-O {[%emt 0:04:56]} 12. Ng5 {[%emt 0:05:34]} Qe8 {[%emt 0:05:58]} 13. f3 {[%emt 0:14:23]} e5 {[%emt 0:10:50]} 14. dxe5 {[%emt 0:02:17]} dxe5 {[%emt 0:06:12]} 15. e4 {[%emt 0:10:11]} f4 {[%emt 0:01:01]} 16. Qb3 {[%emt 0:02:59]} Kh8 {[%emt 0:04:25]} 17. Qb4 {[%emt 0:06:26]} h6 {[%emt 0:03:23]} 18. Nh3 {[%emt 0:01:10]} Rf7 {[%emt 0:00:43]} 19. Nf2 {[%emt 0:03:37]} Bf8 {[%emt 0:12:33]} 20. Qa5 {[%emt 0:02:08]} Be6 {[%emt 0:00:31]} 21. b3 {[%emt 0:01:12]} Qb8 {[%emt 0:02:55]} 22. Kc2 {[%emt 0:02:54]} Bc5 {[%emt 0:01:13]} 23. Rhf1 {[%emt 0:02:32]} Bb6 {[%emt 0:01:40]} 24. Qa3 {[%emt 0:00:30]} Bxf2 {[%emt 0:00:27]} 25. Rxf2 {[%emt 0:00:27]} b4 {[%emt 0:00:08]} 26. Qa4 {[%emt 0:00:13]} Qb6 {[%emt 0:00:03]} 27. Rfd2 {[%emt 0:00:56]} bxc3 {[%emt 0:07:18]} 28. Kxc3 {[%emt 0:00:06]} c5 {[%emt 0:02:46]} 29. Be2 {[%emt 0:01:04]} Rd7 {[%emt 0:00:24]} 30. Rxd7 {[%emt 0:01:35]} Bxd7 {[%emt 0:00:07]} 31. Qa3 {[%emt 0:01:27]} a5 {[%emt 0:09:14]} 32. Kc2 {[%emt 0:01:00]} a4 {[%emt 0:01:02]} 33. Qb2 {[%emt 0:01:20]} Qc7 {[%emt 0:00:16]} 34. g3 {[%emt 0:00:28]} fxg3 {[%emt 0:02:07]} 35. f4 {[%emt 0:00:38]} Re8 {[%emt 0:00:21]} 36. Bf3 {[%emt 0:01:47]} Bc6 {[%emt 0:00:33]} 37. Re1 {[%emt 0:00:23]} Kg7 {[%emt 0:01:46]} 38. Qc3 {[%emt 0:01:52]} Kf7 {[%emt 0:01:08]} 39. f5 {[%emt 0:01:53]} gxf5 {[%emt 0:00:23]} 40. exf5 {[%emt 0:00:18]} e4 {[%emt 0:01:37]} 41. Bg2 {[%emt 0:00:32]} Qe5 {[%emt 0:01:22]} 42. Qe3 {[%emt 0:00:37]} axb3+ {[%emt 0:00:28]} 43. Qxb3 {[%emt 0:01:27]} Rb8 {[%emt 0:00:41]} 44. Qa3 {[%emt 0:00:27]} Ba4+ {[%emt 0:00:45]} 45. Kc1 {[%emt 0:01:00]} Qa1+ {[%emt 0:01:17]} 46. Kd2 {[%emt 0:00:03]} Qd4+ {[%emt 0:00:57] Ra1} 0-1

[Event "Bicaz City Cup 2020"]
[Site "Bicaz"]
[Date "2020.03.08"]
[Round "6.7"]
[White "Bargan, Sergiu"]
[Black "Panc, Samuel"]
[Result "1-0"]
[WhiteElo "2258"]
[BlackElo "1910"]
[Annotator "TA"]
[PlyCount "51"]
[EventDate "2020.03.05"]
[EventType "swiss"]
[EventCountry "ROU"]
[SourceTitle "playchess.com"]
[Source "ChessBase"]
[SourceQuality "1"]

{[%evp 9,51,27,13,10,36,25,52,44,63,25,34,21,62,55,87,83,93,41,161,160,160,156,156,156,156,160,157,160,168,160,155,129,246,265,373,364,350,339,368,345,345,345,352,351]} 1. Nf3 d5 2. g3 c6 3. Bg2 Nd7 4. O-O e6 5. d3 Ngf6 6. Nbd2 {[#] A07: Réti Opening: New York and Capablanca Systems.} b6 $146 ({Predecessor:} 6... Be7 7. e4 O-O 8. Qe2 b6 9. e5 Ne8 10. h4 Ba6 11. h5 c5 12. Nh2 Rc8 13. h6 g6 {1-0 (34) Pilaj,H (2325)-Szotkowski,J (2382) Austria 2020}) 7. e4 Bb7 8. e5 {White is slightly better.} Ng8 9. d4 Ne7 10. c3 Nf5 11. Re1 h5 12. Nf1 $36 {[%mdl 2048] White is on the roll.} Be7 13. Ne3 (13. h4 $16) 13... g6 (13... Nxe3 $1 $14 14. Bxe3 h4) 14. Nxf5 $18 gxf5 {[#]} 15. h4 $1 Nf8 16. Bg5 Ng6 17. Bxe7 Qxe7 18. Ng5 f4 19. Bf1 O-O-O 20. Bd3 fxg3 (20... Rdf8 $16) 21. fxg3 Rdf8 (21... Rh6 $142 22. Qd2 Rg8) 22. Rf1 Kb8 23. Rf6 c5 24. a3 Bc8 25. Qf3 Rhg8 26. Rf1 {Accuracy: White = 88%, Black = 52%.} ({Don't play} 26. Qxh5 Qe8 $18) 1-0

[Event "Bicaz City Cup 2020"]
[Site "Bicaz"]
[Date "2020.03.08"]
[Round "6.8"]
[White "Telea, Stefan"]
[Black "Ienasoaie, Rafael"]
[Result "1-0"]
[WhiteElo "2006"]
[BlackElo "1883"]
[Annotator "ChessBase"]
[PlyCount "79"]
[EventDate "2020.03.05"]
[EventType "swiss"]
[EventCountry "ROU"]
[SourceTitle "playchess.com"]
[Source "ChessBase"]
[SourceQuality "1"]
[TimeControl "5400+30"]

1. Nf3 {[%emt 0:02:59]} Nf6 {[%emt 0:00:00]} 2. c4 {[%emt 0:00:46]} c6 {[%emt 0:00:02]} 3. g3 {[%emt 0:00:54]} d5 {[%emt 0:00:26]} 4. Bg2 {[%emt 0:00:58]} e6 {[%emt 0:00:12]} 5. O-O {[%emt 0:01:18]} Bd6 {[%emt 0:00:30]} 6. d4 {[%emt 0:01:57]} Nbd7 {[%emt 0:00:15]} 7. Nc3 {[%emt 0:01:21]} O-O {[%emt 0:01:07]} 8. e4 {[%emt 0:03:12]} Nxe4 {[%emt 0:10:07]} 9. Nxe4 {[%emt 0:00:24]} dxe4 {[%emt 0:00:05]} 10. Ng5 {[%emt 0:00:13]} Be7 {[%emt 0:00:27]} 11. Nxe4 {[%emt 0:02:26]} Nb6 {[%emt 0:00:48]} 12. b3 {[%emt 0:02:37]} f5 {[%emt 0:01:56]} 13. Nc3 {[%emt 0:05:45]} Bf6 {[%emt 0:00:28]} 14. Be3 {[%emt 0:02:09]} Qe7 {[%emt 0:01:14]} 15. Qc2 {[%emt 0:03:27]} Bd7 {[%emt 0:01:43]} 16. a4 {[%emt 0:02:08]} Be8 {[%emt 0:00:27]} 17. a5 {[%emt 0:06:25]} Nc8 {[%emt 0:01:53]} 18. a6 {[%emt 0:06:42]} Bg6 {[%emt 0:02:24]} 19. f4 {[%emt 0:02:11]} Nb6 {[%emt 0:00:34]} 20. Na4 {[%emt 0:09:43]} Rfd8 {[%emt 0:12:55]} 21. Rfd1 {[%emt 0:09:06]} Rac8 {[%emt 0:01:08]} 22. axb7 {[%emt 0:06:45]} Qxb7 {[%emt 0:00:11]} 23. Nc5 {[%emt 0:02:53]} Qe7 {[%emt 0:03:34]} 24. Qf2 {[%emt 0:01:45]} Bf7 {[%emt 0:01:44]} 25. Nd3 {[%emt 0:00:51]} g6 {[%emt 0:01:25]} 26. Ne5 {[%emt 0:00:41]} Be8 {[%emt 0:00:27]} 27. Bf3 {[%emt 0:02:08]} Rc7 {[%emt 0:03:33]} 28. Qg2 {[%emt 0:03:35]} Rdc8 {[%emt 0:01:08]} 29. Ra6 {[%emt 0:01:44]} Kh8 {[%emt 0:12:58]} 30. Rda1 {[%emt 0:00:28]} g5 {[%emt 0:03:32]} 31. fxg5 {[%emt 0:03:47]} Bxg5 {[%emt 0:00:09]} 32. Bxg5 {[%emt 0:00:43]} Qxg5 {[%emt 0:00:13]} 33. Qf2 {[%emt 0:00:34]} Qg7 {[%emt 0:03:15]} 34. c5 {[%emt 0:01:23]} Nd5 {[%emt 0:03:50]} 35. Bxd5 {[%emt 0:01:02]} exd5 {[%emt 0:00:11]} 36. Qxf5 {[%emt 0:00:18]} Rb8 {[%emt 0:00:51]} 37. Rxa7 {[%emt 0:00:54]} Bg6 {[%emt 0:04:34]} 38. Rxc7 {[%emt 0:01:49]} Qxc7 {[%emt 0:01:46]} 39. Qf6+ {[%emt 0:00:35]} Kg8 {[%emt 0:00:12]} 40. Nxc6 {[%emt 0:00:32]} 1-0

[Event "Bicaz City Cup 2020"]
[Site "Bicaz"]
[Date "2020.03.08"]
[Round "6.9"]
[White "Tablan, Matei-Christian"]
[Black "Antal, Hunor-Zoltan"]
[Result "1/2-1/2"]
[WhiteElo "1858"]
[BlackElo "1989"]
[Annotator "ChessBase"]
[PlyCount "77"]
[EventDate "2020.03.05"]
[EventType "swiss"]
[EventCountry "ROU"]
[SourceTitle "playchess.com"]
[Source "ChessBase"]
[SourceQuality "1"]
[TimeControl "5400+30"]

1. d4 {[%emt 0:00:00]} Nf6 {[%emt 0:00:00]} 2. Nf3 {[%emt 0:00:37]} d5 {[%emt 0:00:00]} 3. e3 {[%emt 0:00:15]} e6 {[%emt 0:00:13]} 4. Bd3 {[%emt 0:00:06]} c5 {[%emt 0:00:33]} 5. b3 {[%emt 0:00:05]} Nc6 {[%emt 0:00:16]} 6. Bb2 {[%emt 0:00:11]} Bd6 {[%emt 0:02:08]} 7. O-O {[%emt 0:01:49]} Qc7 {[%emt 0:02:02]} 8. a3 {[%emt 0:01:21]} Bd7 {[%emt 0:00:55]} 9. Nbd2 {[%emt 0:00:53]} e5 {[%emt 0:03:35]} 10. dxe5 {[%emt 0:01:59]} Nxe5 {[%emt 0:00:08]} 11. Bxe5 {[%emt 0:00:10]} Bxe5 {[%emt 0:00:05]} 12. Nxe5 {[%emt 0:00:06]} Qxe5 {[%emt 0:00:05]} 13. e4 {[%emt 0:05:28]} O-O-O {[%emt 0:07:12]} 14. exd5 {[%emt 0:02:02]} Qxd5 {[%emt 0:06:51]} 15. Qf3 {[%emt 0:08:50]} Bc6 {[%emt 0:02:22]} 16. Qxd5 {[%emt 0:03:25]} Nxd5 {[%emt 0:00:24]} 17. g3 {[%emt 0:11:08]} Nc3 {[%emt 0:05:35]} 18. Rfe1 {[%emt 0:02:38]} Rhe8 {[%emt 0:01:33]} 19. f3 {[%emt 0:05:25]} g6 {[%emt 0:02:38]} 20. Kf2 {[%emt 0:01:19]} b5 {[%emt 0:00:53]} 21. Rac1 {[%emt 0:08:06]} f5 {[%emt 0:07:25]} 22. Nb1 {[%emt 0:00:49]} Rxe1 {[%emt 0:01:27]} 23. Rxe1 {[%emt 0:00:07]} Nxb1 {[%emt 0:00:04]} 24. Rxb1 {[%emt 0:00:06]} c4 {[%emt 0:00:25]} 25. bxc4 {[%emt 0:03:46]} bxc4 {[%emt 0:00:04]} 26. Bxc4 {[%emt 0:00:50]} Rd2+ {[%emt 0:00:06]} 27. Be2 {[%emt 0:10:34]} Rxc2 {[%emt 0:00:06]} 28. Rb3 {[%emt 0:00:12]} Kc7 {[%emt 0:00:46]} 29. Ke3 {[%emt 0:04:46]} a5 {[%emt 0:01:52]} 30. Bb5 {[%emt 0:07:16]} a4 {[%emt 0:03:20]} 31. Rb4 {[%emt 0:00:57]} Bxb5 {[%emt 0:00:25]} 32. Rxb5 {[%emt 0:00:06]} Rc3+ {[%emt 0:00:04]} 33. Kf4 {[%emt 0:00:36]} Rxa3 {[%emt 0:00:20]} 34. Ra5 {[%emt 0:00:26]} Kb6 {[%emt 0:00:43]} 35. Ra8 {[%emt 0:00:07]} Kb5 {[%emt 0:00:23]} 36. Rb8+ {[%emt 0:02:15]} Kc6 {[%emt 0:00:25]} 37. Rc8+ {[%emt 0:06:47]} Kd5 {[%emt 0:01:50]} 38. Rh8 {[%emt 0:00:23]} Ke6 {[%emt 0:07:18]} 39. Rxh7 {[%emt 0:00:22] Ke5+} 1/2-1/2

[Event "Bicaz City Cup 2020"]
[Site "Bicaz"]
[Date "2020.03.08"]
[Round "6.10"]
[White "Pislariu, Stefanel-Vasilica"]
[Black "Chiprian, Ionel"]
[Result "1-0"]
[WhiteElo "1954"]
[BlackElo "1861"]
[Annotator "ChessBase"]
[PlyCount "87"]
[EventDate "2020.03.05"]
[EventType "swiss"]
[EventCountry "ROU"]
[SourceTitle "playchess.com"]
[Source "ChessBase"]
[SourceQuality "1"]
[TimeControl "5400+30"]

1. d4 {[%emt 0:00:46]} d5 {[%emt 0:00:00]} 2. c4 {[%emt 0:00:15]} e6 {[%emt 0:00:00]} 3. Nc3 {[%emt 0:00:14]} Nf6 {[%emt 0:00:01]} 4. Nf3 {[%emt 0:00:08]} Nbd7 {[%emt 0:00:21]} 5. e3 {[%emt 0:00:58]} a6 {[%emt 0:00:12]} 6. g3 {[%emt 0:09:09]} c6 {[%emt 0:05:38]} 7. Bg2 {[%emt 0:04:34]} Bb4 {[%emt 0:03:07]} 8. O-O {[%emt 0:02:07]} Bxc3 {[%emt 0:00:41]} 9. bxc3 {[%emt 0:00:17]} O-O {[%emt 0:00:08]} 10. Ne5 {[%emt 0:16:41]} Nxe5 {[%emt 0:05:17]} 11. dxe5 {[%emt 0:00:04]} Nd7 {[%emt 0:00:03]} 12. f4 {[%emt 0:00:51]} Nb6 {[%emt 0:04:08]} 13. cxd5 {[%emt 0:04:48]} cxd5 {[%emt 0:00:14]} 14. e4 {[%emt 0:00:49]} Qc7 {[%emt 0:01:50]} 15. Ba3 {[%emt 0:04:13]} Rd8 {[%emt 0:01:05]} 16. Bd6 {[%emt 0:00:16]} Qc6 {[%emt 0:00:31]} 17. Qd4 {[%emt 0:02:08]} Nc4 {[%emt 0:47:56]} 18. exd5 {[%emt 0:00:28]} Qa4 {[%emt 0:00:13]} 19. dxe6 {[%emt 0:00:59]} Bxe6 {[%emt 0:00:08]} 20. f5 {[%emt 0:01:45]} Bd7 {[%emt 0:00:44]} 21. Bxb7 {[%emt 0:03:06]} Bc6 {[%emt 0:00:33]} 22. Rab1 {[%emt 0:07:08]} Bxb7 {[%emt 0:01:38]} 23. Rxb7 {[%emt 0:00:18]} Qc6 {[%emt 0:01:21]} 24. Rc7 {[%emt 0:00:52]} Qxc7 {[%emt 0:05:15]} 25. Bxc7 {[%emt 0:00:04]} Rxd4 {[%emt 0:00:09]} 26. cxd4 {[%emt 0:00:04]} Ne3 {[%emt 0:00:10]} 27. Rf3 {[%emt 0:01:40]} Nd5 {[%emt 0:00:17]} 28. Bd6 {[%emt 0:00:11]} Rc8 {[%emt 0:00:14]} 29. Bc5 {[%emt 0:00:15]} g6 {[%emt 0:01:27]} 30. f6 {[%emt 0:00:56]} Nc7 {[%emt 0:00:15]} 31. Ra3 {[%emt 0:04:19]} h5 {[%emt 0:00:10]} 32. Kf2 {[%emt 0:02:58]} Ne6 {[%emt 0:00:19]} 33. Rc3 {[%emt 0:02:33]} a5 {[%emt 0:01:10]} 34. Ke3 {[%emt 0:00:43]} Kh7 {[%emt 0:00:44]} 35. Bb4 {[%emt 0:02:19]} Rb8 {[%emt 0:00:18]} 36. Be7 {[%emt 0:01:04]} Rb5 {[%emt 0:00:25]} 37. a4 {[%emt 0:00:20]} Rb2 {[%emt 0:00:09]} 38. d5 {[%emt 0:00:41]} Ng5 {[%emt 0:00:23]} 39. h4 {[%emt 0:00:14]} Rg2 {[%emt 0:06:50]} 40. hxg5 Rxg3+ {[%emt 0:00:02]} 41. Kd4 {[%emt 0:01:39]} Rxg5 {[%emt 0:02:39]} 42. d6 {[%emt 0:01:30]} Rg4+ {[%emt 0:00:18]} 43. Kc5 {[%emt 0:00:12]} h4 {[%emt 0:00:13]} 44. d7 {[%emt 0:00:25]} 1-0

[Event "Bicaz City Cup 2020"]
[Site "Bicaz"]
[Date "2020.03.08"]
[Round "6.11"]
[White "Tufa, Mihai"]
[Black "Arghirescu, Andrei"]
[Result "1/2-1/2"]
[WhiteElo "1835"]
[BlackElo "2015"]
[Annotator "ChessBase"]
[PlyCount "81"]
[EventDate "2020.03.05"]
[EventType "swiss"]
[EventCountry "ROU"]
[SourceTitle "playchess.com"]
[Source "ChessBase"]
[SourceQuality "1"]
[TimeControl "5400+30"]

1. e4 {[%emt 0:00:00]} e6 {[%emt 0:01:01]} 2. d4 {[%emt 0:00:00]} b6 {[%emt 0:00:03]} 3. Nf3 {[%emt 0:01:13]} Bb7 {[%emt 0:00:07]} 4. Bd3 {[%emt 0:00:34]} Nf6 {[%emt 0:00:41]} 5. Qe2 {[%emt 0:02:51]} c5 {[%emt 0:00:39]} 6. c3 {[%emt 0:00:38]} Nc6 {[%emt 0:00:18]} 7. d5 {[%emt 0:04:27]} Nb8 {[%emt 0:16:34]} 8. c4 {[%emt 0:00:26]} d6 {[%emt 0:12:45]} 9. Nc3 {[%emt 0:01:17]} Be7 {[%emt 0:03:10]} 10. O-O {[%emt 0:01:40]} Nbd7 {[%emt 0:09:52]} 11. h3 {[%emt 0:03:14]} Nf8 {[%emt 0:08:39]} 12. Nh2 {[%emt 0:00:55]} Ng6 {[%emt 0:03:19]} 13. f4 {[%emt 0:01:00]} e5 {[%emt 0:01:42]} 14. f5 {[%emt 0:00:32]} Nf8 {[%emt 0:00:22]} 15. g4 {[%emt 0:01:09]} h6 {[%emt 0:00:41]} 16. Nf3 {[%emt 0:10:27]} a6 {[%emt 0:01:07]} 17. Bc2 {[%emt 0:02:07]} Bc8 {[%emt 0:00:15]} 18. Ba4+ {[%emt 0:00:50]} Bd7 {[%emt 0:00:47]} 19. Bxd7+ {[%emt 0:01:01]} N8xd7 {[%emt 0:01:51]} 20. a4 {[%emt 0:01:42]} Nh7 {[%emt 0:03:09]} 21. Be3 {[%emt 0:07:36]} Ng5 {[%emt 0:03:07]} 22. Kg2 {[%emt 0:03:06]} Nxf3 {[%emt 0:10:22]} 23. Qxf3 {[%emt 0:05:39]} Bg5 {[%emt 0:00:15]} 24. Rfe1 {[%emt 0:05:34]} Bxe3 25. Qxe3 {[%emt 0:00:28]} Qh4 {[%emt 0:05:09]} 26. Ne2 {[%emt 0:02:00]} Nf6 {[%emt 0:06:51]} 27. Ng1 {[%emt 0:01:43]} Qg5 {[%emt 0:03:53]} 28. Qxg5 {[%emt 0:00:49]} hxg5 {[%emt 0:00:02]} 29. Nf3 {[%emt 0:00:28]} Nh7 {[%emt 0:00:08]} 30. Rh1 {[%emt 0:04:13]} Ke7 {[%emt 0:00:51]} 31. Rhb1 {[%emt 0:02:03]} a5 {[%emt 0:02:01]} 32. Rh1 {[%emt 0:00:25]} Rag8 {[%emt 0:00:39]} 33. Rh2 {[%emt 0:00:24]} g6 {[%emt 0:01:57]} 34. Rah1 {[%emt 0:07:29]} gxf5 {[%emt 0:00:12]} 35. exf5 {[%emt 0:00:25]} Nf6 {[%emt 0:00:41]} 36. Re1 {[%emt 0:00:52]} Kd7 {[%emt 0:00:20]} 37. Nd2 {[%emt 0:01:29]} Rh6 {[%emt 0:02:09]} 38. Ne4 {[%emt 0:00:39]} Ke7 {[%emt 0:01:37]} 39. Kg3 {[%emt 0:01:14]} Nxe4+ {[%emt 0:01:10]} 40. Rxe4 {[%emt 0:00:10]} f6 {[%emt 0:00:19]} 41. Re3 1/2-1/2

[Event "Bicaz City Cup 2020"]
[Site "Bicaz"]
[Date "2020.03.08"]
[Round "6.12"]
[White "Stegariu, Alexandru"]
[Black "Mazilu, Stefan-Fabian"]
[Result "1/2-1/2"]
[WhiteElo "2129"]
[BlackElo "1772"]
[Annotator "ChessBase"]
[PlyCount "70"]
[EventDate "2020.03.05"]
[EventType "swiss"]
[EventCountry "ROU"]
[SourceTitle "playchess.com"]
[Source "ChessBase"]
[SourceQuality "1"]
[TimeControl "5400+30"]

1. d4 {[%emt 0:00:00]} Nf6 {[%emt 0:00:00]} 2. c4 {[%emt 0:00:00]} e6 {[%emt 0:00:00]} 3. Nf3 {[%emt 0:00:00]} b6 {[%emt 0:00:00]} 4. g3 {[%emt 0:00:00]} Bb7 {[%emt 0:00:00]} 5. Bg2 {[%emt 0:00:00]} c5 {[%emt 0:01:18]} 6. dxc5 {[%emt 0:02:16]} Bxc5 {[%emt 0:00:08]} 7. O-O {[%emt 0:00:07]} O-O {[%emt 0:00:45]} 8. Nc3 {[%emt 0:00:59]} d5 {[%emt 0:09:04]} 9. Ne5 {[%emt 0:07:23]} Nbd7 {[%emt 0:12:30]} 10. Nxd7 {[%emt 0:01:57]} Qxd7 {[%emt 0:00:40]} 11. cxd5 {[%emt 0:00:06]} Nxd5 {[%emt 0:03:12]} 12. Nxd5 {[%emt 0:01:11]} exd5 {[%emt 0:01:47]} 13. Bd2 {[%emt 0:10:00]} a5 {[%emt 0:06:00]} 14. Bc3 {[%emt 0:08:21]} Rad8 {[%emt 0:05:52]} 15. Bd4 {[%emt 0:00:28]} Rfe8 {[%emt 0:10:52]} 16. e3 {[%emt 0:03:11]} Ba6 {[%emt 0:02:03]} 17. Re1 {[%emt 0:05:24]} Bb4 {[%emt 0:05:59]} 18. Bc3 {[%emt 0:00:55]} Bxc3 {[%emt 0:01:01]} 19. bxc3 {[%emt 0:00:03]} Qc6 {[%emt 0:01:12]} 20. Qd4 {[%emt 0:00:26]} Bc4 {[%emt 0:01:45]} 21. Red1 {[%emt 0:00:22]} Qc7 {[%emt 0:00:16]} 22. Rd2 {[%emt 0:00:37]} b5 {[%emt 0:01:21]} 23. Rad1 {[%emt 0:00:52]} f5 {[%emt 0:01:04]} 24. f3 {[%emt 0:03:02]} h6 {[%emt 0:01:35]} 25. e4 {[%emt 0:02:01]} dxe4 {[%emt 0:01:37]} 26. Qxd8 {[%emt 0:00:04]} Rxd8 {[%emt 0:00:08]} 27. Rxd8+ {[%emt 0:00:04]} Kh7 {[%emt 0:00:04]} 28. fxe4 {[%emt 0:00:06]} Be6 {[%emt 0:05:25]} 29. exf5 {[%emt 0:04:32]} Bxf5 {[%emt 0:06:04]} 30. R1d5 {[%emt 0:10:25]} Bc2 {[%emt 0:03:17]} 31. Rf8 {[%emt 0:03:12]} Qxc3 {[%emt 0:01:23]} 32. Rxb5 {[%emt 0:02:26]} Qe3+ {[%emt 0:02:39]} 33. Rf2 {[%emt 0:00:38]} Bd3 {[%emt 0:00:34]} 34. Rb8 {[%emt 0:05:22]} Qe1+ {[%emt 0:00:42]} 35. Bf1 {[%emt 0:00:07]} Bxf1 {[%emt 0:00:19]} 1/2-1/2